The hundred secret senses

Bibliographic Details
Main Author: Tan, Amy
Corporate Author: Title
Format: Book
Published: New York : IVY Books , 1995
Subjects:

MARC

LEADER 00000cam a2200000 7i4500
001 0000009294
005 20070925.0
008 070925
020 |a 080411109X 
090 0 0 |a TAN   |b ENG 
100 1 |a Tan, Amy 
245 1 4 |a The hundred secret senses   |c Amy Tan 
260 |a New York :   |b IVY Books ,   |c 1995 
650 0 |a English fiction 
710 0 |a Title 
999 |a 0000993959   |b Book   |c Adult Collection   |e Perbadanan Perpustakaan Awam Johor 
999 |a 0000993960   |b Book   |c Adult Collection   |e Perbadanan Perpustakaan Awam Johor 
999 |a 0001047468   |b Book   |c Adult Collection   |e Cawangan Taman Sri Lambak